Statistics for Geometry Dash Levels

Click here to take the quiz!

General Stats

  • This quiz has been taken 13 times
  • The average score is 13 of 22

Answer Stats

Answer% Correct
Stereo Madness
90%
Base After Base
80%
Jumper
80%
Back on Track
70%
Can't Let Go
70%
Clubstep
70%
Dry Out
70%
Polargeist
70%
Time Machine
70%
Clutterfunk
60%
Cycles
60%
Theory of Everything
60%
Theory of Everything 2
60%
xStep
60%
Deadlocked
50%
Electrodynamix
50%
Hexagon Force
50%
Blast Processing
40%
Electroman Adventures
40%
Fingerdash
40%
Geometrical Dominator
30%
The Challenge
0%

Score Distribution

Percentile by Number Answered

Percent of People with Each Score

Your Score History

You have not taken this quiz